Current Members of the House of Representatives by Picture - Statistics

General Stats
  • This quiz has been taken 5,484 times
    7 since last reset
  • The average score is 195 of 441
Answer Stats
Picture Hint Answer % Correct
Arizona 7 (D) Adelita Grijalva
100%
New York 14 (D) Alexandria Ocasio-Cortez
100%
Texas 9 (D) Al Green
100%
Florida 13 (R) Anna Paulina Luna
100%
Texas 21 (R) Chip Roy
100%
Illinois 4 (D) Chuy García
100%
Texas 2 (R) Dan Crenshaw
100%
South Dakota At-Large (R) Dusty Johnson
100%
New York 8 (D) Hakeem Jeffries
100%
Georgia 4 (D) Hank Johnson
100%
Minnesota 5 (DFL) Ilhan Omar
100%
Kentucky 1 (R) James Comer
100%
Texas 30 (D) Jasmine Crockett
100%
Ohio 4 (R) Jim Jordan
100%
Texas 32 (D) Julie Johnson
100%
Colorado 4 (R) Lauren Boebert
100%
Florida 10 (D) Maxwell Frost
100%
Louisiana 4 (R) Mike Johnson
100%
South Carolina 1 (R) Nancy Mace
100%
California 11 (D) Nancy Pelosi
100%
California 33 (D) Pete Aguilar
100%
California 42 (D) Robert Garcia
100%
California 17 (D) Ro Khanna
100%
Connecticut 3 (D) Rosa DeLauro
100%
Delaware At-Large (D) Sarah McBride
100%
Louisiana 1 (R) Steve Scalise
100%
Texas 29 (D) Sylvia Garcia
100%
Kentucky 4 (R) Thomas Massie
100%
Tennessee 2 (R) Tim Burchett
100%
Maryland 1 (R) Andy Harris
83%
Massachusetts 7 (D) Ayanna Pressley
83%
Florida 19 (R) Byron Donalds
83%
California 47 (D) Dave Min
83%
Michigan 6 (D) Debbie Dingell
83%
Florida 25 (D) Debbie Wasserman-Schultz
83%
Virginia 8 (D) Donald Beyer
83%
District of Columbia At-Large (D) Eleanor Holmes Norton
83%
Arizona 2 (R) Eli Crane
83%
Ohio 13 (D) Emilia Sykes
83%
Florida 24 (D) Frederica Wilson
83%
Texas 35 (D) Greg Casar
83%
Michigan 11 (D) Haley Stevens
83%
Maryland 8 (D) Jaime Raskin
83%
Florida 23 (D) Jared Moskowitz
83%
New York 12 (D) Jerrold Nadler
83%
Texas 20 (D) Joaquin Castro
83%
South Carolina 2 (R) Joe Wilson
83%
Florida 3 (R) Kat Cammack
83%
Massachusetts 5 (D) Katherine Clark
83%
California 3 (I) Kevin Kiley
83%
Maryland 7 (D) Kweisi Mfume
83%
Florida 15 (R) Laurel Lee
83%
Illinois 14 (D) Lauren Underwood
83%
Michigan 9 (R) Lisa McClain
83%
Georgia 7 (D) Lucy McBath
83%
Ohio 9 (D) Marcy Kaptur
83%
North Carolina 8 (R) Mark Harris
83%
California 43 (D) Maxine Waters
83%
New Mexico 1 (D) Melanie Stansbury
83%
Michigan 12 (D) Rashida Tlaib
83%
California 51 (D) Sara Jacobs
83%
Kansas 3 (D) Sharice Davids
83%
Maryland 5 (D) Steny Hoyer
83%
Pennsylvania 12 (D) Summer Lee
83%
Nevada 3 (D) Susie Lee
83%
Texas 22 (R) Troy Nehls
83%
Indiana 5 (R) Victoria Spartz
83%
North Carolina 5 (R) Virginia Foxx
83%
California 40 (R) Young Kim
83%
New York 9 (D) Yvette Clarke
83%
Florida 4 (R) Aaron Bean
67%
Washington 9 (D) Adam Smith
67%
Nebraska 3 (R) Adrian Smith
67%
Arizona 5 (R) Andy Biggs
67%
Tennessee 5 (R) Andy Ogles
67%
Minnesota 2 (DFL) Angie Craig
67%
Iowa 2 (R) Ashley Hinson
67%
Georgia 8 (R) Austin Scott
67%
Alabama 1 (R) Barry Moore
67%
Vermont At-Large (D) Becca Balint
67%
Mississippi 2 (D) Bennie Thompson
67%
Utah 1 (R) Blake Moore
67%
Virginia 3 (D) Bobby Scott
67%
Texas 26 (R) Brandon Gill
67%
Georgia 3 (R) Brian Jack
67%
Florida 21 (R) Brian Mast
67%
West Virginia 1 (R) Carol Miller
67%
New Jersey 4 (R) Christopher H. Smith
67%
Georgia 14 (R) Clay Fuller
67%
Louisiana 3 (R) Clay Higgins
67%
Florida 7 (R) Cory Mills
67%
Texas 12 (R) Craig Goldman
67%
New York 10 (D) Dan Goldman
67%
Illinois 7 (D) Danny Davis
67%
Illinois 3 (D) Delia Ramirez
67%
Wisconsin 3 (R) Derrick Van Orden
67%
North Carolina 1 (D) Don Davis
67%
New York 21 (R) Elise Stefanik
67%
Pennsylvania 15 (R) Glenn Thompson
67%
New York 6 (D) Grace Meng
67%
Ohio 1 (D) Greg Landsman
67%
New York 5 (D) Gregory Meeks
67%
Florida 17 (R) Greg Steube
67%
Wisconsin 4 (D) Gwen Moore
67%
Wyoming At-Large (R) Harriet Hageman
67%
Virginia 11 (D) James Walkinshaw
67%
Colorado 6 (D) Jason Crow
67%
Missouri 8 (R) Jason Smith
67%
Virginia 2 (R) Jen Kiggans
67%
Colorado 2 (D) Joe Neguse
67%
Michigan 10 (R) John James
67%
Illinois 1 (D) Jonathan Jackson
67%
Ohio 3 (D) Joyce Beatty
67%
Louisiana 5 (R) Julia Letlow
67%
Texas 7 (D) Lizzie Fletcher
67%
Florida 27 (R) María Elvira Salazar
67%
Iowa 1 (R) Mariannette Miller-Meeks
67%
Washington 3 (D) Marie Gluesenkamp Perez
67%
Illinois 15 (R) Mary Miller
67%
Ohio 7 (R) Max Miller
67%
New York 17 (R) Mike Lawler
67%
California 4 (D) Mike Thompson
67%
Georgia 5 (D) Nikema Williams
67%
Texas 4 (R) Pat Fallon
67%
Washington 7 (D) Pramila Jayapal
67%
Florida 6 (R) Randy Fine
67%
Georgia 6 (R) Rich McCormick
67%
West Virginia 2 (R) Riley Moore
67%
Texas 25 (R) Roger Williams
67%
Texas 13 (R) Ronny Jackson
67%
Montana 1 (R) Ryan Zinke
67%
Maryland 3 (D) Sarah Elfreth
67%
South Carolina 3 (R) Sheri Biggs
67%
Ohio 11 (D) Shontel Brown
67%
California 36 (D) Ted Lieu
67%
North Carolina 14 (R) Tim Moore
67%
Oklahoma 4 (R) Tom Cole
67%
Minnesota 6 (R) Tom Emmer
67%
Texas 16 (D) Veronica Escobar
67%
California 18 (D) Zoe Lofgren
67%
Arizona 8 (R) Abraham Hamadeh
50%
North Carolina 6 (R) Addison McDowell
50%
North Carolina 12 (D) Alma Adams
50%
Georgia 9 (R) Andrew Clyde
50%
Texas 24 (R) Beth Van Duyne
50%
Pennsylvania 1 (R) Brian Fitzpatrick
50%
Colorado 7 (D) Brittany Pettersen
50%
Georgia 1 (R) Buddy Carter
50%
Utah 4 (R) Burgess Owens
50%
Florida 28 (R) Carlos Giménez
50%
Pennsylvania 6 (D) Chrissy Houlahan
50%
Oregon 2 (R) Cliff Bentz
50%
Pennsylvania 9 (R) Dan Meuser
50%
California 48 (R) Darrell Issa
50%
Arizona 1 (R) David Schweikert
50%
Nevada 1 (D) Dina Titus
50%
Nebraska 2 (R) Don Bacon
50%
California 7 (D) Doris Matsui
50%
Washington 6 (D) Emily Randall
50%
Arkansas 2 (R) French Hill
50%
Wisconsin 6 (R) Glenn Grothman
50%
Maryland 4 (D) Glenn Ivey
50%
Kentucky 5 (R) Harold Rogers
50%
Connecticut 5 (D) Jahana Hayes
50%
Maine 2 (D) Jared Golden
50%
South Carolina 6 (D) Jim Clyburn
50%
California 34 (D) Jimmy Gomez
50%
Texas 31 (R) John Carter
50%
New Jersey 5 (D) Josh Gottheimer
50%
Arizona 6 (R) Juan Ciscomani
50%
California 28 (D) Judy Chu
50%
California 26 (D) Julia Brownley
50%
California 41 (R) Ken Calvert
50%
New Jersey 10 (D) LaMonica McIver
50%
Texas 5 (R) Lance Gooden
50%
California 12 (D) Lateefah Simon
50%
Texas 37 (D) Lloyd Doggett
50%
Massachusetts 3 (D) Lori Trahan
50%
Pennsylvania 4 (D) Madeleine Dean
50%
New Hampshire 2 (D) Maggie Goodlander
50%
Texas 33 (D) Marc Veasey
50%
Florida 26 (R) Mario Díaz-Balart
50%
Texas 10 (R) Michael McCaul
50%
Georgia 10 (R) Mike Collins
50%
Nebraska 1 (R) Mike Flood
50%
Pennsylvania 16 (R) Mike Kelly
50%
Alabama 3 (R) Mike Rogers
50%
Texas 15 (R) Monica De La Cruz
50%
Kentucky 3 (D) Morgan McGarvey
50%
Alaska At-Large (R) Nick Begich III
50%
California 35 (D) Norma Torres
50%
Arizona 9 (R) Paul Gosar
50%
Illinois 8 (D) Raja Krishnamoorthi
50%
South Carolina 5 (R) Ralph Norman
50%
New York 15 (D) Ritchie Torres
50%
Illinois 2 (D) Robin Kelly
50%
New Jersey 8 (D) Rob Menendez
50%
California 50 (D) Scott Peters
50%
Massachusetts 6 (D) Seth Moulton
50%
Alabama 2 (D) Shomari Figures
50%
Oklahoma 5 (R) Stephanie Bice
50%
Massachusetts 8 (D) Stephen Lynch
50%
Tennessee 9 (D) Steve Cohen
50%
Nevada 4 (D) Steven Horsford
50%
California 37 (D) Sydney Kamlager-Dove
50%
New Mexico 3 (D) Teresa Leger Fernandez
50%
Alabama 7 (D) Terri Sewell
50%
Mississippi 1 (R) Trent Kelly
50%
Louisiana 2 (D) Troy Carter
50%
North Carolina 4 (D) Valerie Foushee
50%
Texas 34 (D) Vicente Gonzalez
50%
Missouri 1 (D) Wesley Bell
50%
Texas 38 (R) Wesley Hunt
50%
Iowa 3 (R) Zach Nunn
50%
California 6 (D) Ami Bera
33%
Indiana 7 (D) Andre Carson
33%
New York 2 (R) Andrew Garbarino
33%
Kentucky 6 (R) Andy Barr
33%
Missouri 2 (R) Ann Wagner
33%
Maryland 6 (D) April McClain Delaney
33%
Texas 11 (R) August Pfluger
33%
Minnesota 4 (DFL) Betty McCollum
33%
Minnesota 1 (R) Brad Finstad
33%
California 32 (D) Brad Sherman
33%
Pennsylvania 2 (D) Brendan Boyle
33%
Kentucky 2 (R) Brett Guthrie
33%
Wisconsin 1 (R) Bryan Steil
33%
Utah 2 (R) Celeste Maloy
33%
Maine 1 (D) Chellie Pingree
33%
Pennsylvania 17 (D) Chris Deluzio
33%
New Hampshire 1 (D) Chris Pappas
33%
Texas 18 (D) Christian Menefee
33%
Tennessee 3 (R) Chuck Fleischman
33%
New York 24 (R) Claudia Tenney
33%
Alabama 5 (R) Dale Strong
33%
Washington 4 (R) Dan Newhouse
33%
Illinois 16 (R) Darin LaHood
33%
Florida 9 (D) Darren Soto
33%
California 22 (R) David Valadao
33%
California 45 (D) Derek Tran
33%
Tennessee 1 (R) Diana Harshbarger
33%
Pennsylvania 3 (D) Dwight Evans
33%
Hawaii 1 (D) Ed Case
33%
Virginia 7 (D) Eugene Vindman
33%
Rhode Island 1 (D) Gabe Amo
33%
Colorado 8 (R) Gabe Evans
33%
Alabama 6 (R) Gary Palmer
33%
New York 16 (D) George Latimer
33%
California 27 (D) George Whitesides
33%
Florida 12 (R) Gus Bilirakis
33%
Pennsylvania 14 (R) Guy Reschenthaler
33%
Texas 28 (D) Henry Cuellar
33%
Michigan 3 (D) Hillary Scholten
33%
Texas 6 (R) Jake Ellzey
33%
Oregon 5 (D) Janelle Bynum
33%
Illinois 9 (D) Jan Schakowsky
33%
Virginia 4 (D) Jennifer McClellan
33%
Hawaii 2 (D) Jill Tokuda
33%
Indiana 4 (R) Jim Baird
33%
Connecticut 4 (D) Jim Himes
33%
Massachusetts 2 (D) Jim McGovern
33%
Texas 19 (R) Jodey Arrington
33%
California 8 (D) John Garamendi
33%
Tennessee 6 (R) John Rose
33%
Florida 5 (R) John Rutherford
33%
California 9 (D) Josh Harder
33%
Florida 14 (D) Kathy Castor
33%
Texas 3 (R) Keith Self
33%
Michigan 8 (D) Kristen McDonald Rivet
33%
New York 4 (D) Laura Gillen
33%
Florida 22 (D) Lois Frankel
33%
California 39 (D) Mark Takano
33%
Pennsylvania 5 (D) Mary Gay Scanlon
33%
Texas 27 (R) Michael Cloud
33%
Ohio 6 (R) Michael Rulli
33%
Illinois 12 (R) Mike Bost
33%
Mississippi 4 (R) Mike Ezell
33%
Florida 8 (R) Mike Haridopolos
33%
Illinois 5 (D) Mike Quigley
33%
Ohio 10 (R) Mike Turner
33%
Texas 8 (R) Morgan Luttrell
33%
Texas 1 (R) Nathaniel Moran
33%
Florida 2 (R) Neal Dunn
33%
New Jersey 9 (D) Nellie Pou
33%
New York 1 (R) Nick LaLota
33%
New York 11 (R) Nicole Malliotakis
33%
New York 18 (D) Pat Ryan
33%
New York 20 (D) Paul Tonko
33%
Texas 17 (R) Pete Sessions
33%
Iowa 4 (R) Randy Feenstra
33%
Pennsylvania 8 (R) Rob Bresnahan
33%
Alabama 4 (R) Robert Aderholt
33%
Georgia 2 (D) Sanford Bishop
33%
Florida 18 (R) Scott Franklin
33%
Pennsylvania 10 (R) Scott Perry
33%
Illinois 6 (D) Sean Casten
33%
Rhode Island 2 (D) Seth Magaziner
33%
Michigan 13 (D) Shri Thanedar
33%
United States Virgin Islands At-Large (D) Stacey Plaskett
33%
Arkansas 3 (R) Steve Womack
33%
Virginia 10 (D) Suhas Subramanyam
33%
Wisconsin 8 (R) Tony Wied
33%
Kansas 1 (R) Tracey Mann
33%
California 1 (Vacant) Vacant
33%
California 14 (Vacant) Vacant
33%
Florida 20 (Vacant) Vacant
33%
Georgia 13 (Vacant) Vacant
33%
Texas 23 (Vacant) Vacant
33%
California 20 (R) Vince Fong
33%
Arizona 3 (D) Yassamin Ansari
33%
California 13 (D) Adam Gray
17%
American Samoa At-Large (R) Amata Coleman Radewagen
17%
New Jersey 11 (D) Analilia Mejia
17%
Georgia 11 (R) Barry Loudermilk
17%
Virginia 6 (R) Ben Cline
17%
Illinois 11 (D) Bill Foster
17%
Michigan 4 (R) Bill Huizenga
17%
Massachusetts 9 (D) Bill Keating
17%
Ohio 5 (R) Bob Latta
17%
Missouri 3 (R) Bob Onder
17%
New Jersey 12 (D) Bonnie Watson Coleman
17%
Illinois 10 (D) Brad Schneider
17%
Texas 36 (R) Brian Babin
17%
Arkansas 4 (R) Bruce Westerman
17%
North Carolina 11 (R) Chuck Edwards
17%
Florida 11 (R) Daniel Webster
17%
Ohio 14 (R) David Joyce
17%
Tennessee 8 (R) David Kustoff
17%
Ohio 2 (R) David Taylor
17%
North Carolina 2 (D) Deborah Ross
17%
Colorado 1 (D) Diana DeGette
17%
New Jersey 1 (D) Donald Norcross
17%
Missouri 5 (D) Emanuel Cleaver
17%
Illinois 17 (D) Eric Sorensen
17%
Indiana 9 (R) Erin Houchin
17%
Oklahoma 3 (R) Frank Lucas
17%
Indiana 1 (D) Frank Mrvan
17%
New Jersey 6 (D) Frank Pallone
17%
New Mexico 2 (D) Gabe Vasquez
17%
California 31 (D) Gil Cisneros
17%
Arizona 4 (D) Greg Stanton
17%
New Jersey 3 (D) Herb Conaway
17%
Michigan 1 (R) Jack Bergman
17%
Massachusetts 4 (D) Jake Auchincloss
17%
Guam At-Large (R) James Moylan
17%
California 2 (D) Jared Huffman
17%
California 23 (R) Jay Obernolte
17%
Colorado 5 (R) Jeff Crank
17%
New Jersey 2 (R) Jeff Van Drew
17%
California 19 (D) Jimmy Pannetta
17%
Florida 1 (R) Jimmy Patronis
17%
Connecticut 2 (D) Joe Courtney
17%
Pennsylvania 13 (R) John Joyce
17%
New York 22 (D) John Mannion
17%
Virginia 5 (R) John McGuire
17%
Michigan 2 (R) John Moolenaar
17%
Maryland 2 (D) Johnny Olszewski
17%
New York 25 (D) Joseph Morelle
17%
Oklahoma 2 (R) Josh Brecheen
17%
North Dakota At-Large (R) Julie Fedorchak
17%
Minnesota 3 (DFL) Kelly Morrison
17%
Oklahoma 1 (R) Kevin Hern
17%
California 38 (D) Linda Sánchez
17%
Pennsylvania 11 (R) Lloyd Smucker
17%
California 46 (D) Lou Correa
17%
Washington 10 (D) Marilyn Strickland
17%
Nevada 2 (R) Mark Amodei
17%
Indiana 8 (R) Mark Messmer
17%
Wisconsin 2 (D) Mark Pocan
17%
Oregon 3 (D) Maxine Dexter
17%
Washington 5 (R) Michael Baumgartner
17%
Mississippi 3 (R) Michael Guest
17%
Minnesota 7 (R) Michelle Fischbach
17%
Ohio 15 (R) Mike Carey
17%
Utah 3 (R) Mike Kennedy
17%
California 49 (D) Mike Levin
17%
Idaho 2 (R) Mike Simpson
17%
Virginia 9 (R) Morgan Griffith
17%
California 44 (D) Nanette Barragan
17%
New York 23 (R) Nick Langworthy
17%
Illinois 13 (D) Nikki Budzinski
17%
New York 7 (D) Nydia Velázquez
17%
North Carolina 10 (R) Pat Harrigan
17%
Texas 14 (R) Randy Weber
17%
California 25 (D) Raul Ruiz
17%
North Carolina 9 (R) Richard Hudson
17%
Georgia 12 (R) Rick Allen
17%
Arkansas 1 (R) Rick Crawford
17%
Washington 2 (D) Rick Larsen
17%
Virginia 1 (R) Rob Wittman
17%
Indiana 2 (R) Rudy Yakym
17%
South Carolina 7 (R) Russell Fry
17%
Idaho 1 (R) Russ Fulcher
17%
Pennsylvania 7 (R) Ryan MacKenzie
17%
California 24 (D) Salud Carbajal
17%
Missouri 6 (R) Sam Graves
17%
Tennessee 4 (R) Scott DesJarlais
17%
Wisconsin 5 (R) Scott Fitzgerald
17%
Oregon 1 (D) Suzanne Bonamici
17%
New Jersey 7 (R) Thomas Kean
17%
New York 3 (D) Thomas Suozzi
17%
New York 26 (D) Tim Kennedy
17%
Michigan 5 (R) Tim Walberg
17%
California 5 (R) Tom McClintock
17%
Montana 2 (R) Troy Downing
17%
Florida 16 (R) Vern Buchanan
17%
South Carolina 4 (R) William Timmons
17%
New York 13 (D) Adriano Espaillat
0%
Oregon 6 (D) Andrea Salinas
0%
North Carolina 13 (R) Brad Knott
0%
Louisiana 6 (D) Cleo Fields
0%
North Carolina 7 (R) David Rouzer
0%
Kansas 2 (R) Derek Schmidt
0%
Missouri 7 (R) Eric Burlison
0%
North Carolina 3 (R) Greg Murphy
0%
Indiana 6 (R) Jefferson Shreve
0%
Colorado 3 (R) Jeff Hurd
0%
California 21 (D) Jim Costa
0%
Connecticut 1 (D) John Larson
0%
New York 19 (D) Josh Riley
0%
California 52 (D) Juan Vargas
0%
California 15 (D) Kevin Mullin
0%
Northern Mariana Islands At-Large (R) Kimberlyn King-Hinds
0%
Washington 8 (D) Kim Schrier
0%
California 30 (D) Laura Friedman
0%
California 29 (D) Luz Rivas
0%
Missouri 4 (R) Mark Alford
0%
California 10 (D) Mark DeSaulnier
0%
Indiana 3 (R) Marlin Stutzman
0%
Tennessee 7 (R) Matt Van Epps
0%
Puerto Rico At-Large (D) Pablo Hernández Rivera
0%
Minnesota 8 (R) Pete Stauber
0%
Massachusetts 1 (D) Richard Neal
0%
Kansas 4 (R) Ron Estes
0%
California 16 (D) Sam Liccardo
0%
Washington 1 (D) Suzan DelBene
0%
Michigan 7 (R) Tom Barrett
0%
Wisconsin 7 (R) Tom Tiffany
0%
Ohio 12 (R) Troy Balderson
0%
Oregon 4 (D) Val Hoyle
0%
Ohio 8 (R) Warren Davidson
0%
No matching quizzes found
Score Distribution
Percent of People with Each Score
Percentile by Number Answered
Your Score History
You have not taken this quiz since the last reset